[Event "MSR_ch16"]
[Site "?"]
[Date "2024.04.07"]
[Round "3.23"]
[White "Horvath, Simon"]
[Black "Nedeljak, Marek"]
[Result "0-1"]
[BlackElo "1505"]
[WhiteElo "1549"]
[LiveChessVersion "1.4.8"]

1. e4 {[%clk 1:30:54]} c6 {[%clk 1:30:55]} 2. Nc3 {[%clk 1:30:23]} d5
{[%clk 1:31:17]} 3. exd5 {[%clk 1:29:57]} cxd5 {[%clk 1:31:40]} 4. d4
{[%clk 1:29:36]} Nf6 {[%clk 1:31:26]} 5. Bb5+ {[%clk 1:27:17]} Nc6
{[%clk 1:31:19]} 6. Nf3 {[%clk 1:26:13]} e6 {[%clk 1:30:02]} 7. Bg5
{[%clk 1:22:29]} a6 {[%clk 1:28:17]} 8. Ba4 {[%clk 1:21:59]} b5 {[%clk 1:28:31]}
9. Bb3 {[%clk 1:20:36]} Be7 {[%clk 1:27:44]} 10. Qe2 {[%clk 1:15:10]} O-O
{[%clk 1:27:15]} 11. a3 {[%clk 1:12:48]} h6 {[%clk 1:09:54]} 12. Bf4
{[%clk 1:07:15]} Qb6 {[%clk 1:09:02]} 13. Rd1 {[%clk 1:02:57]} b4
{[%clk 1:08:32]} 14. Na4 {[%clk 0:55:09]} Qb7 {[%clk 1:03:51]} 15. Bc1
{[%clk 0:52:15]} bxa3 {[%clk 1:01:40]} 16. bxa3 {[%clk 0:51:36]} Bd7
{[%clk 1:00:46]} 17. O-O {[%clk 0:44:42]} Na5 {[%clk 1:00:54]} 18. Nd2
{[%clk 0:40:00]} Nxb3 {[%clk 1:00:23]} 19. cxb3 {[%clk 0:39:44]} Bb5
{[%clk 0:59:48]} 20. Nc4 {[%clk 0:37:41]} dxc4 {[%clk 1:00:05]} 21. Qb2
{[%clk 0:34:18]} cxb3 {[%clk 0:58:03]} 22. Qxb3 {[%clk 0:34:29]} Bc6
{[%clk 0:58:09]} 23. Nc5 {[%clk 0:33:23]} Bxc5 {[%clk 0:57:31]} 24. Qxb7
{[%clk 0:33:39]} Bxb7 {[%clk 0:57:53]} 25. dxc5 {[%clk 0:34:01]} Rfd8
{[%clk 0:57:29]} 26. Bf4 {[%clk 0:33:43]} Rac8 {[%clk 0:56:53]} 27. h3
{[%clk 0:33:16]} Rxd1 {[%clk 0:56:49]} 28. Rxd1 {[%clk 0:33:33]} Rxc5
{[%clk 0:56:50]} 29. Rd8+ {[%clk 0:33:34]} Kh7 {[%clk 0:57:04]} 30. Rb8
{[%clk 0:33:42]} Bd5 {[%clk 0:57:15]} 31. Rb6 {[%clk 0:33:06]} Bc4
{[%clk 0:56:38]} 32. Rb7 {[%clk 0:32:58]} Kg6 {[%clk 0:56:25]} 33. Bd6
{[%clk 0:30:22]} Rc6 {[%clk 0:54:52]} 34. Rc7 {[%clk 0:29:56]} Rxc7
{[%clk 0:54:03]} 35. Bxc7 {[%clk 0:30:16]} Nd5 {[%clk 0:54:12]} 36. Bd6
{[%clk 0:29:20]} Kf5 {[%clk 0:54:02]} 37. Bf8 {[%clk 0:29:28]} Kg6
{[%clk 0:53:49]} 38. g4 {[%clk 0:29:08]} Nf6 {[%clk 0:53:18]} 39. f3
{[%clk 0:29:15]} h5 {[%clk 0:53:26]} 40. gxh5+ Nxh5 0-1

[Event "MSR_ch16"]
[Site "?"]
[Date "2024.04.07"]
[Round "3.24"]
[White "Geletka, Tomas"]
[Black "Tonhajzer, Matus"]
[Result "1/2-1/2"]
[BlackElo "1549"]
[WhiteElo "1233"]
[LiveChessVersion "1.4.8"]

1. e4 {[%clk 1:30:57]} e6 {[%clk 1:30:54]} 2. d4 {[%clk 1:31:22]} d5
{[%clk 1:31:19]} 3. exd5 {[%clk 1:31:45]} exd5 {[%clk 1:31:42]} 4. Bd3
{[%clk 1:32:07]} Nf6 {[%clk 1:31:50]} 5. Bf4 {[%clk 1:32:14]} c5 {[%clk 1:31:40]}
6. c3 {[%clk 1:31:58]} Nc6 {[%clk 1:31:39]} 7. Nf3 {[%clk 1:31:29]} Be7
{[%clk 1:31:37]} 8. O-O {[%clk 1:31:37]} O-O {[%clk 1:31:51]} 9. Nbd2
{[%clk 1:30:29]} Qb6 {[%clk 1:31:48]} 10. Qb3 {[%clk 1:29:36]} Qxb3
{[%clk 1:26:47]} 11. axb3 {[%clk 1:29:55]} Bg4 {[%clk 1:26:43]} 12. h3
{[%clk 1:26:47]} Bh5 {[%clk 1:26:12]} 13. Rfe1 {[%clk 1:27:04]} Rfe8
{[%clk 1:24:36]} 14. Bg5 {[%clk 1:23:11]} cxd4 {[%clk 1:12:03]} 15. Nxd4
{[%clk 1:08:44]} Nxd4 {[%clk 1:12:03]} 16. cxd4 {[%clk 1:06:30]} a6
{[%clk 1:02:57]} 17. Bb5 {[%clk 0:46:24]} axb5 {[%clk 0:53:39]} 18. Rxa8
{[%clk 0:46:47]} Rxa8 {[%clk 0:54:03]} 19. Rxe7 {[%clk 0:47:06]} h6 20. Bxf6 gxf6
{[%clk 0:50:30]} 21. g4 {[%clk 0:46:03]} Bg6 {[%clk 0:49:41]} 22. Rxb7
{[%clk 0:44:56]} Ra2 {[%clk 0:49:47]} 23. Rxb5 {[%clk 0:44:33]} Rxb2
{[%clk 0:49:56]} 24. Nf3 {[%clk 0:39:33]} Be4 {[%clk 0:49:54]} 25. Nh4
{[%clk 0:38:25]} Bc2 {[%clk 0:37:42]} 26. Rxd5 {[%clk 0:29:57]} Rxb3
{[%clk 0:36:33]} 27. Rd8+ {[%clk 0:29:22]} Kg7 {[%clk 0:36:10]} 28. Kg2
{[%clk 0:27:34]} Be4+ {[%clk 0:32:37]} 29. f3 {[%clk 0:27:03]} Bc2
{[%clk 0:29:20]} 30. d5 {[%clk 0:24:06]} Rd3 {[%clk 0:28:14]} 31. Kf2
{[%clk 0:20:44]} Bb3 {[%clk 0:26:53]} 32. d6 {[%clk 0:19:27]} Be6
{[%clk 0:26:48]} 33. Ng2 {[%clk 0:17:06]} Rd2+ {[%clk 0:24:14]} 34. Kg3
{[%clk 0:17:19]} f5 {[%clk 0:21:57]} 35. Nf4 {[%clk 0:15:24]} fxg4
{[%clk 0:21:51]} 36. Nxe6+ {[%clk 0:15:25]} fxe6 {[%clk 0:22:08]} 37. hxg4
{[%clk 0:15:33]} Kf7 {[%clk 0:22:04]} 38. Kf4 {[%clk 0:13:55]} Rd5
{[%clk 0:21:34]} 39. Ke4 {[%clk 0:13:27]} Rd1 {[%clk 0:21:46]} 40. Ke5
{[%clk 0:13:05]} Rd5+ {[%clk 0:21:39]} 41. Kf4 {[%clk 0:13:00]} Rd4+
{[%clk 0:21:39]} 42. Kg3 {[%clk 0:12:15]} Rd3 {[%clk 0:21:20]} 43. g5
{[%clk 0:10:14]} hxg5 {[%clk 0:20:46]} 44. Kg4 {[%clk 0:10:09]} Rd5
{[%clk 0:20:51]} 1/2-1/2

[Event "MSR_ch16"]
[Site "?"]
[Date "2024.04.07"]
[Round "3.25"]
[White "Rerko, Milos"]
[Black "Lehocky, Tomas"]
[Result "1/2-1/2"]
[BlackElo "1000"]
[WhiteElo "1543"]
[LiveChessVersion "1.4.8"]

1. e4 {[%clk 1:30:50]} d5 {[%clk 1:30:55]} 2. exd5 {[%clk 1:31:10]} Qxd5
{[%clk 1:31:17]} 3. Nc3 {[%clk 1:31:33]} Qa5 {[%clk 1:31:39]} 4. Nf3
{[%clk 1:31:03]} Nf6 {[%clk 1:32:02]} 5. d4 {[%clk 1:30:51]} c6 {[%clk 1:32:23]}
6. Bc4 Bf5 {[%clk 1:31:26]} 7. O-O {[%clk 1:21:19]} e6 {[%clk 1:29:11]} 8. Bd2
{[%clk 1:15:50]} Qc7 {[%clk 1:28:40]} 9. Re1 {[%clk 1:11:04]} Be7
{[%clk 1:28:08]} 10. h3 {[%clk 1:10:26]} h6 {[%clk 1:27:32]} 11. Nh4
{[%clk 1:06:36]} Bh7 {[%clk 1:25:38]} 12. Qe2 {[%clk 1:04:25]} O-O
{[%clk 1:24:07]} 13. Bd3 {[%clk 1:02:39]} Bxd3 {[%clk 1:22:34]} 14. Qxd3
{[%clk 1:02:36]} Nbd7 {[%clk 1:21:21]} 15. Ne4 {[%clk 1:00:49]} Nxe4
{[%clk 1:18:29]} 16. Qxe4 {[%clk 0:59:28]} Bxh4 {[%clk 1:18:37]} 17. Qxh4
{[%clk 0:58:16]} Rae8 {[%clk 1:17:04]} 18. Bb4 {[%clk 0:56:46]} c5
{[%clk 1:16:13]} 19. Ba3 {[%clk 0:56:29]} b6 {[%clk 1:15:11]} 20. c3
{[%clk 0:52:51]} e5 {[%clk 1:12:38]} 21. Rad1 {[%clk 0:48:48]} Nf6
{[%clk 1:10:08]} 22. Re2 {[%clk 0:42:04]} Nd5 {[%clk 1:09:17]} 23. dxc5
{[%clk 0:37:02]} Nf4 {[%clk 1:06:33]} 24. cxb6 {[%clk 0:32:59]} Qxb6
{[%clk 1:04:58]} 25. Re4 {[%clk 0:29:44]} Ng6 {[%clk 1:01:09]} 26. Qg3
{[%clk 0:27:56]} Qe6 {[%clk 0:59:33]} 27. Bxf8 {[%clk 0:26:24]} Nxf8
{[%clk 0:59:26]} 28. Ra4 {[%clk 0:24:59]} a6 {[%clk 0:58:03]} 29. Qd3
{[%clk 0:24:02]} Ra8 {[%clk 0:56:11]} 30. Re1 {[%clk 0:22:18]} f6
{[%clk 0:55:38]} 31. Qc4 {[%clk 0:21:29]} Qxc4 {[%clk 0:55:21]} 32. Rxc4
{[%clk 0:21:50]} Ne6 {[%clk 0:54:41]} 33. f3 {[%clk 0:20:45]} Nf4
{[%clk 0:54:37]} 34. Kf2 {[%clk 0:19:42]} Nd3+ {[%clk 0:54:07]} 35. Ke2
{[%clk 0:19:56]} Nxe1 {[%clk 0:54:24]} 36. Kxe1 {[%clk 0:19:22]} Re8
{[%clk 0:54:24]} 37. Ra4 {[%clk 0:19:17]} Re6 {[%clk 0:54:26]} 38. b4
{[%clk 0:19:05]} e4 {[%clk 0:54:21]} 39. Kd2 {[%clk 0:19:19]} e3+
{[%clk 0:54:28]} 40. Ke2 {[%clk 0:19:27]} Kf7 {[%clk 0:54:47]} 41. c4
{[%clk 0:19:31]} g5 {[%clk 0:54:32]} 42. b5 {[%clk 0:19:47]} axb5
{[%clk 0:53:59]} 43. cxb5 {[%clk 0:20:03]} f5 {[%clk 0:54:08]} 44. Rb4
{[%clk 0:20:16]} Re8 {[%clk 0:53:32]} 45. b6 {[%clk 0:20:34]} f4 {[%clk 0:53:59]}
46. b7 {[%clk 0:20:29]} Rb8 {[%clk 0:54:25]} 47. a4 {[%clk 0:20:54]} Ke7
{[%clk 0:54:41]} 48. a5 {[%clk 0:21:12]} Kd7 {[%clk 0:54:06]} 49. a6
{[%clk 0:21:30]} Kc7 {[%clk 0:54:22]} 50. Rc4+ {[%clk 0:21:24]} Kb6
{[%clk 0:54:27]} 51. Rc8 {[%clk 0:21:37]} Ka7 {[%clk 0:53:54]} 52. Kd3
{[%clk 0:21:48]} h5 {[%clk 0:53:54]} 53. h4 {[%clk 0:22:01]} g4 {[%clk 0:52:56]}
54. Ke2 {[%clk 0:21:20]} g3 {[%clk 0:52:42]} 55. Kd3 {[%clk 0:21:29]} 1/2-1/2